[Event "Treviso op-C 4th"]
[Site "Treviso"]
[Date "2023.04.02"]
[Round "4"]
[White "Ferri, Marco"]
[Black "De Simon, Maurizio"]
[Result "1-0"]
[WhiteElo "999"]
[BlackElo "1153"]
[PlyCount "51"]
[EventDate "2023.03.31"]
[EventType "swiss"]
[EventRounds "5"]
[EventCountry "ITA"]
[SourceTitle "EXT 2024"]
[Source "ChessBase"]
[SourceDate "2023.10.10"]
[SourceVersion "1"]
[SourceVersionDate "2023.10.10"]
[SourceQuality "1"]

1. e4 d6 2. Nc3 Nf6 3. h3 g6 4. Bc4 c6 5. d3 b5 6. Bb3 Bg7 7. Nf3 a5 8. a3 0-0 9. 0-0 Bb7 10. Nh2 b4 11. axb4 axb4 12. Rxa8 Bxa8 13. Ne2 Nbd7 14. Ng4 Nc5 15. Nh6+ Kh8 16. Nxf7+ Rxf7 17. Bxf7 Nfd7 18. Nf4 Ne5 19. Bb3 Nxb3 20. cxb3 c5 21. Ne6 Qc8 22. Nxg7 Kxg7 23. f4 Nc6 24. f5 Ne5 25. fxg6 Nxg6 26. Qh5 1-0

[Event "Treviso op-C 4th"]
[Site "Treviso"]
[Date "2023.03.31"]
[Round "1"]
[White "Ferri, Marco"]
[Black "Scaranaro, Martina"]
[Result "0-1"]
[WhiteElo "999"]
[BlackElo "1159"]
[PlyCount "84"]
[EventDate "2023.03.31"]
[EventType "swiss"]
[EventRounds "5"]
[EventCountry "ITA"]
[SourceTitle "EXT 2024"]
[Source "ChessBase"]
[SourceDate "2023.10.10"]
[SourceVersion "1"]
[SourceVersionDate "2023.10.10"]
[SourceQuality "1"]

1. e4 e5 2. Nf3 Nc6 3. Bb5 a6 4. Ba4 b5 5. Bb3 Nf6 6. d3 Bc5 7. 0-0 d6 8. h3 0-0 9. Bg5 h6 10. Bh4 Be6 11. Nc3 g5 12. Bg3 Nh5 13. Bh2 Ng7 14. Nd2 Nd4 15. Kh1 Nxb3 16. axb3 f5 17. f3 f4 18. Bg1 Nh5 19. Ne2 Bxg1 20. Kxg1 Qd7 21. Kh2 Nf6 22. Rg1 g4 23. Qf1 g3+ 24. Kh1 Kh7 25. d4 Qf7 26. d5 Bd7 27. b4 Rg8 28. c3 Rg5 29. Nxg3 Rxg3 30. Qf2 Qh5 31. Nf1 Rg6 32. Nh2 Rg7 33. Rad1 Rag8 34. Rde1 Rg3 35. Nf1 R3g5 36. Nh2 R5g7 37. Qe2 Qh4 38. Qd2 Rg5 39. Qe2 Rh5 40. Qd2 Rg3 41. Qf2 Rxh3 42. Qxh4 R3xh4 0-1